000 00256nam a22001097a 4500
008 160518b xxu||||| |||| 00| 0 eng d
020 _a0963887548
041 _aeng
080 _a61
245 _aManaging contraception;
_cRobert A. Hatcher;
942 _2udc
_cBK
999 _c2199
_d2199